Il segreto di una vita felice (Record n. 357811)
[ formato base ]
| 000 -LEADER | |
|---|---|
| campo di controllo lung. fissa | 01600nam a22002177a 4500 |
| 003 - Identificatore del numero di controllo | |
| campo di controllo | IT-MiCISF |
| 005 - Data e orario dell'ultima transazione | |
| campo di controllo | 20180406152518.0 |
| 008 - Elementi di lunghezza fissa--Informazione generale | |
| campo di controllo lung. fissa | 180406b ||||| |||| 00| 0 eng d |
| 040 ## - Fonte della catalogazione | |
| Agenzia che fa la trascrizione | IT-MiCISF |
| 041 ## - Codice di lingua | |
| Codice di lingua del testo/traccia sonora o titolo separato | it |
| 100 ## - Accesso principale -- nome di persona | |
| Nome di persona | Sartor Paolo |
| 9 (RLIN) | 56892 |
| 245 ## - Formulazione del titolo | |
| Titolo | Il segreto di una vita felice |
| Complemento del titolo | Itinerario per coppie con il libro di Tobia |
| 260 ## - Pubblicazione, distribuzione, ecc. (stampa) | |
| Luogo di pubblicazione, distribuzione, ecc. | Bologna |
| Nome dell'editore, distributore, ecc. | Dehoniane |
| Data di pubblicazione, distribuzione, ecc. | 2017 |
| 300 ## - Descrizione fisica | |
| Estensione | pp. 126 |
| 500 ## - Nota generale | |
| Nota generale | pastorale-familiare, spiritualità-coniugale, progetto |
| 520 ## - Riassunto, ecc. | |
| Nota di riassunto, ecc. | Il volumetto, si pone in stretta correlazione con l'esortazione apostolica Amoris laetitia, fa parte dell'itinerario di iniziazione degli adulti. In concreto, l'itinerario per coppie è articolato su un anno pastorale da settembre a giugno o, in ogni caso, in un tempo congruo in cui possano essere situate le nove tappe previste dal cammino. Il libro di Tobia, racconto sapienziale che narra la vicenda di due famiglie, accompagna il percorso delle coppie e del gruppo, al fine di cogliere la modalità di presenza di Dio nella vita dei credenti. Oltre all'approfondimento biblico e tematico, ogni tappa viene arricchita con la visione di un film inerente al tema o il suggerimento di un libro sull'argomento. La mistagogia degli adulti si alimenta nella preghiera e nella docilità allo Spirito. Per questa ragione si propongono alcuni semplici esercizi di preghiera da attuare in famiglia e qualche pagina per letture personali e di coppia, valorizzando in particolare alcuni salmi. |
| 650 ## - Accesso aggiunto di soggetto--termine topico | |
| Termine topico o nome geografico come accesso | pastorale-familiare |
| 9 (RLIN) | 56039 |
| 654 ## - Accesso aggiunto di soggetto--termini topici faccettati | |
| Termine principale | sussidio |
| 700 ## - Accesso aggiunto--nome di persona | |
| Nome di persona | Noceti Serena |
| 9 (RLIN) | 56893 |
| 942 ## - Dati aggiuntivi (Koha) | |
| Fonte della classificazione o dello schema di collocazione (segnatura) | Dewey Decimal Classification |
| Tipo copia default (Koha) | LIBRO |
| Ritirato (status) | Perso (status) | Fonte della classificazione o dello schema di collocazione (segnatura) | Danneggiato (status) | Non per il presito | Biblioteca proprietaria | Biblioteca in cui si trova | Data d'acquisizione | Totale prestiti | Collocazione | Codice a barre | Data ultima operazione | Prezzo in vigore dal | Tipo copia default (Koha) |
|---|---|---|---|---|---|---|---|---|---|---|---|---|---|
| Dewey Decimal Classification | Buone Condizioni | Not For Loan | CISF - Milano | CISF - Milano | 06/04/2018 | b7453 | 9788810511497 | 06/04/2018 | 06/04/2018 | LIBRO |